[Event "Madrid Chamartin op 1st"]
[Site "Madrid"]
[Date "2012.09.15"]
[Round "9"]
[White "De la Colina Fernandez, Gerardo"]
[Black "Camarero Izquierdo, Juan Carlos"]
[Result "0-1"]
[WhiteElo "2016"]
[BlackElo "1899"]
[PlyCount "66"]
[EventDate "2012.09.09"]
[EventType "swiss"]
[EventRounds "9"]
[EventCountry "ESP"]
[SourceTitle "CBM 150 Extra"]
[Source "ChessBase"]
[SourceDate "2012.10.19"]
[SourceVersion "1"]
[SourceVersionDate "2012.10.19"]
[SourceQuality "1"]

1. d4 f5 2. Nc3 e6 3. e4 Bb4 4. Bd3 Bxc3+ 5. bxc3 fxe4 6. Bxe4 Nf6 7. Bd3 0-0 8. Ne2 Ng4 9. Bf4 Nc6 10. f3 e5 11. fxg4 exf4 12. 0-0 Qg5 13. h3 h5 14. gxh5 f3 15. g4 Qe3+ 16. Kh2 fxe2 17. Bc4+ d5 18. Qxe2 Qxe2+ 19. Bxe2 Be6 20. Kg3 Na5 21. Bd3 Nc4 22. Rae1 Rxf1 23. Rxf1 Nd2 24. Re1 Ne4+ 25. Bxe4 dxe4 26. a3 Bd5 27. c4 Bxc4 28. Rxe4 Kf8 29. g5 Re8 30. Rh4 Re3+ 31. Kf4 Rxa3 32. h6 gxh6 33. Rxh6 Ra6 0-1